Statistics for Squad of Bayern Munich

Click here to take the quiz!

General Stats

  • This quiz has been taken 53 times
  • The average score is 16 of 29

Answer Stats

Pos. Bayern Munich % Correct
GKManuel Neuer
98%
FWRobert Lewandowski
89%
FWThomas Müller
82%
MFArjen Robben
82%
DFJerome Boateng
80%
DFDavid Alaba
80%
MFJoshua Kimmich
77%
MFFranck Ribery
77%
MFThiago
73%
DFPhilipp Lahm
73%
MFJavi Martinez
70%
GKTom Starke
68%
FWKingsley Coman
64%
GKSven Ulreich
61%
DFRafinha
61%
MFXabi Alonso
59%
DFMehdi Benatia
59%
DFJuan Bernat
55%
MFArturo Vidal
52%
MFDouglas Costa
52%
MFMario Gotze
45%
DFHolger Badstuber
45%
MFSebastian Rode
41%
MFFabian Benko
27%
FWJulian Green
18%
FWMiloš Pantović
14%
MFPatrick Weihrauch
11%
DFPhillipp Steinhart
9%
DFIvan Lučić
7%

Score Distribution

Percentile by Number Answered

Percent of People with Each Score

Your Score History

You have not taken this quiz